Представление документа в формате RUSMARC

ПолеНазваниеЗначение
  Тип записи a
  Библиографический уровень m
001 Контрольный номер RU/SLIB/B/208738587
005 Дата корректировки 20201206204047.9
010 Индекс ISBN __
d Цена 230-00
101 Язык документа __
a Язык текста rus
200 Заглавие и сведения об ответственности 0_
a Заглавие Сауна
f Первые сведения об ответственности сокр. пер. с венг.: В. И. Кобрина, А. А. Раимбекова ; с чеш. А. М. Першина
b Общее обозначение материала Текст
210 Выходные данные __
a Место издания М.
c Издательство Стройиздат
d Дата издания 1993
215 Физическое описание __
a Объем 224 с.
c Иллюстрации/тип воспроизводства ил.
606 Тематические рубрики __
a Основная рубрика Строительство
606 Тематические рубрики __
a Основная рубрика Общественные здания и сооружения
610 Ключевые слова __
a Ключевые слова сауны
686 Индексы других классификаций __
a Классификационный индекс 38.712; ст38.7
700 Автор _1
a Фамилия Арато
b Имя И.
4 Код отношения 070
701 Альтернативная интеллектуальная ответственность __
a Фамилия Поспихал
b Имя З.
701 Альтернативная интеллектуальная ответственность __
a Фамилия Павловски
b Имя Й.
801 Источник записи _0
a Страна RU
b Организация Муниципальное бюджетное учреждение культуры "Централизованная библиотечная система" г. Сургут (Центральная городская библиотека им. А. С. Пушкина)
g Правила каталогизации КиК/Лебедева
801 Источник записи _1
a Страна RU
b Организация Муниципальное бюджетное учреждение культуры "Централизованная библиотечная система" г. Сургут (Центральная городская библиотека им. А. С. Пушкина)
g Правила каталогизации КиК/Лебедева
852 Данные о местонахождении __
j Шифр хранения 38.712
c Каталожный индекс 38.712
i Авторский знак А 79
p Инвентарный номер 52426
901 Тип документа __
t Тип документа m
990 Данные о заказе (DOS) __
j Количество экземпляров (DOS) 3